[Event "DRUZYNOWE MISTRZOSTWA POLSKI - II LIGA 2018"]
[Site "Jastrzebia Gora"]
[Date "1899-12-30"]
[Round "1.1"]
[White "Szadkowski, Kamil"]
[Black "Kislinsky, Alexey"]
[Result "1/2-1/2"]
[WhiteTitle "FM"]
[BlackTitle "GM"]
[WhiteElo "2277"]
[BlackElo "2450"]

1. e4 e6 2. d4 d5 3. Nd2 a6 4. Bd3 c5 5. dxc5 Bxc5 6. exd5 exd5 7. Ngf3 Nf6 8.
O-O O-O 9. Nb3 Bb6 10. Bg5 Nc6 11. h3 h6 12. Bf4 Re8 13. Re1 Ne4 14. Bxe4 dxe4
15. Qxd8 Nxd8 16. Nfd2 f5 17. Nc4 Ba7 18. Nd6 Re7 19. Rad1 Be6 20. Be3 Bxe3 21.
Rxe3 Nf7 22. Nxf7 Kxf7 23. Rd6 Rc8 24. Nd4 Rd7 25. Rxd7+ Bxd7 26. f3 exf3 27.
Rxf3 Kf6 28. Rb3 Rc7 29. Kf2 b5 30. Ra3 Bc8 31. Re3 b4 32. g3 Rc4 33. c3 bxc3
34. Rxc3 Rxc3 35. bxc3 f4 36. gxf4 Bxh3 37. a3 Bc8 38. c4 g5 39. Kg3 h5 40. fxg5+
Kxg5 41. Nf3+ Kf5 42. Nd2 Ke5 43. Nb3 Kd6 44. a4 Bg4 45. a5 Bd1 46. Nc1 Kc5 47.
Nd3+ Kxc4 48. Nb2+ Kb4 49. Nxd1 Kxa5 50. Nc3 Kb4 51. Nd5+ Kc5 52. Nc3 Kc4 53.
Na4 Kb4 54. Nb6 a5 55. Kh4 a4 1/2-1/2

[Event "DRUZYNOWE MISTRZOSTWA POLSKI - II LIGA 2018"]
[Site "Jastrzebia Gora"]
[Date "1899-12-30"]
[Round "1.2"]
[White "Grabarczyk, Miroslaw"]
[Black "Snihur, Piotr"]
[Result "1/2-1/2"]
[WhiteTitle "GM"]
[BlackTitle "k"]
[WhiteElo "2392"]
[BlackElo "2233"]

1. d4 Nf6 2. c4 e6 3. Nf3 d5 4. Nc3 Bb4 5. Bg5 Nbd7 6. e3 c5 7. cxd5 exd5 8. Bxf6
Nxf6 9. Bb5+ Ke7 10. O-O Qa5 11. Be2 Bxc3 12. bxc3 c4 13. Qc2 g6 14. Nd2 Bf5 15.
Qb2 Qb6 16. Qa3+ Qd6 17. Qb2 Rab8 18. f3 Be6 19. e4 Qc6 20. Qa3+ Kd7 21. Rfd1
Rhc8 22. Rab1 a6 23. Re1 Re8 24. Bf1 b5 25. g3 h5 26. Bg2 h4 27. g4 Kc7 28. h3
Nd7 29. f4 dxe4 30. Bxe4 Bd5 31. Bxd5 Qxd5 32. Kf2 1/2-1/2

[Event "DRUZYNOWE MISTRZOSTWA POLSKI - II LIGA 2018"]
[Site "Jastrzebia Gora"]
[Date "1899-12-30"]
[Round "1.3"]
[White "Szadkowski, Krzysztof"]
[Black "Sabuk, Piotr"]
[Result "0-1"]
[WhiteTitle "k"]
[BlackTitle "IM"]
[WhiteElo "2145"]
[BlackElo "2386"]

1. e4 c5 2. Nf3 d6 3. c3 Nf6 4. Bd3 Nc6 5. O-O Bg4 6. h3 Bh5 7. Bc2 e6 8. Re1 d5
9. d3 Be7 10. Nbd2 O-O 11. Nf1 dxe4 12. dxe4 Qxd1 13. Bxd1 Rfd8 14. Bf4 Nd7 15.
g4 Bg6 16. Ba4 c4 17. Bxc6 bxc6 18. N1d2 Nc5 19. Ne5 Nd3 20. Nxd3 cxd3 21. Nc4
f6 22. e5 Kf7 23. b4 h5 24. Rad1 Bh7 25. Re3 Rd5 26. gxh5 a5 27. Nb6 axb4 28.
Nxd5 cxd5 29. cxb4 Rxa2 30. Rg3 0-1

[Event "DRUZYNOWE MISTRZOSTWA POLSKI - II LIGA 2018"]
[Site "Jastrzebia Gora"]
[Date "1899-12-30"]
[Round "1.4"]
[White "Aliavdin, Nikolai"]
[Black "Kwiatkowski, Wiktor"]
[Result "0-1"]
[WhiteTitle "IM"]
[BlackTitle "I"]
[WhiteElo "2323"]
[BlackElo "1965"]

1. e4 c5 2. Nf3 d6 3. d4 cxd4 4. Qxd4 a6 5. h3 Nc6 6. Qe3 Nf6 7. c4 e6 8. Nc3 Be7
9. Bd3 O-O 10. O-O Qc7 11. Bd2 Nb4 12. Rac1 Nxd3 13. Qxd3 b6 14. Nd4 Bb7 15. f4
Rac8 16. b3 Rfd8 17. f5 Qd7 18. fxe6 fxe6 19. Na4 Bxe4 20. Qg3 Rb8 21. Qe3 d5
22. c5 e5 23. Nf3 d4 24. Qe2 bxc5 25. Nxe5 Qd5 26. Nd3 Rdc8 27. Nf4 Qc6 28. Qc4+
Kh8 29. Rfe1 Bd6 30. Re2 Rb7 31. Rce1 Rd7 32. Nb2 Rf8 33. Nbd3 Re7 34. b4 g5 35.
Nf2 Bxf4 36. Bxf4 gxf4 37. Nxe4 Rxe4 38. bxc5 Rxe2 39. Rxe2 Qb5 0-1

[Event "DRUZYNOWE MISTRZOSTWA POLSKI - II LIGA 2018"]
[Site "Jastrzebia Gora"]
[Date "1899-12-30"]
[Round "1.5"]
[White "Leskiewicz, Ignacy"]
[Black "Jedryczka, Krystian"]
[Result "1-0"]
[WhiteTitle "I++"]
[BlackTitle "m"]
[WhiteElo "1995"]
[BlackElo "2201"]

1. e4 c5 2. Nf3 g6 3. d4 cxd4 4. Nxd4 Bg7 5. Be3 Nc6 6. Nc3 d6 7. Qd2 Bd7 8. O-O-O
Rc8 9. h4 Nf6 10. f3 h5 11. Kb1 Ne5 12. g4 hxg4 13. f4 Rxc3 14. Qxc3 Nxe4 15.
Qb4 Nc6 16. Qxb7 Nxd4 17. Bxd4 Bxd4 18. Qxe4 Bg7 19. Bc4 Qb8 20. Bb3 e6 21. c3
Rh5 22. Rhe1 a5 23. Qc2 Ke7 24. f5 gxf5 25. Rd5 a4 26. Bxa4 Qa8 27. Bb3 Kf8 28.
Rxd6 Bc6 29. Qf2 Bf6 30. Qc5 Be7 31. Qxc6 Qxc6 32. Rxc6 Bxh4 33. Rh1 g3 34. Bd1
Rg5 35. Bf3 e5 36. Rxh4 e4 37. Bg2 e3 38. Kc2 1-0

[Event "DRUZYNOWE MISTRZOSTWA POLSKI - II LIGA 2018"]
[Site "Jastrzebia Gora"]
[Date "1899-12-30"]
[Round "1.6"]
[White "Kantane, Anna"]
[Black "Pastuszko, Kinga"]
[Result "1-0"]
[WhiteTitle "WIM"]
[BlackTitle "k+"]
[WhiteElo "2247"]
[BlackElo "1987"]

1. e4 e5 2. Nf3 Nc6 3. Bb5 Nf6 4. d3 d6 5. a4 Be7 6. h3 Bd7 7. Nbd2 O-O 8. O-O
Re8 9. Re1 Bf8 10. Nf1 h6 11. Ng3 g6 12. c3 Bg7 13. d4 Na5 14. b4 Bxb5 15. axb5
Nc4 16. Qb3 d5 17. dxe5 Nxe4 18. Nxe4 dxe4 19. Rxe4 Nxe5 20. Nxe5 Bxe5 21. Bf4
Bxf4 22. Rxf4 Re7 23. Rd1 Qe8 24. Qd5 c6 25. bxc6 bxc6 26. Qc4 Rd7 27. Rxd7 Qxd7
28. Rf6 Kg7 29. Rxc6 a5 30. Rc7 Qf5 31. bxa5 Rxa5 32. Qd4+ Qf6 33. Qxf6+ Kxf6
34. g4 Rd5 35. Kg2 Rd3 36. c4 Rc3 37. c5 Ke6 38. f3 f6 39. h4 h5 40. gxh5 gxh5
41. Kg3 Kf5 42. Rc8 Rc2 43. c6 Rc4 44. c7 Rc2 45. Rh8 Rxc7 46. Rxh5+ Kg6 47. Ra5
Rc4 48. h5+ Kh6 49. f4 Rc1 50. Kg4 Rg1+ 51. Kf5 Rf1 52. Ra7 Rf2 53. Rf7 Rf1 54.
Re7 Rf2 55. Re4 Kg7 56. h6+ Kf7 57. Ra4 Rh2 58. Ra7+ Kg8 59. Kg6 Rg2+ 60. Kxf6
Rh2 61. Rg7+ Kh8 62. Rg6 Kh7 63. f5 Rf2 64. Rg3 Rf1 65. Ke6 Kxh6 66. f6 Rf2 67.
f7 Re2+ 68. Kd7 Rf2 69. Ke8 Re2+ 70. Kf8 Kh7 71. Rh3+ Kg6 72. Kg8 1-0

[Event "DRUZYNOWE MISTRZOSTWA POLSKI - II LIGA 2018"]
[Site "Jastrzebia Gora"]
[Date "1899-12-30"]
[Round "1.7"]
[White "Stachowiak, Kamil"]
[Black "Molenda, Marcin"]
[Result "1/2-1/2"]
[WhiteTitle "IM"]
[BlackTitle "FM"]
[WhiteElo "2433"]
[BlackElo "2372"]

1. c4 e5 2. g3 Nf6 3. Bg2 h6 4. Nc3 Bb4 5. Nf3 Nc6 6. O-O e4 7. Ne1 Bxc3 8. dxc3
O-O 9. Nc2 d6 10. Ne3 Re8 11. b3 Ng4 12. Nd5 Bf5 13. a4 a5 14. h3 Nge5 15. Be3
b6 16. Qd2 Nd7 17. Qc2 Nf6 18. Rad1 Bh7 19. Qd2 Ne5 20. Nxf6+ Qxf6 21. Qd5 Qe6
22. Qb7 Qc8 23. Qd5 Qe6 24. Qb7 Qc8 25. Qd5 1/2-1/2

[Event "DRUZYNOWE MISTRZOSTWA POLSKI - II LIGA 2018"]
[Site "Jastrzebia Gora"]
[Date "1899-12-30"]
[Round "1.8"]
[White "Czerw, Dawid"]
[Black "Chojnacki, Slawomir"]
[Result "1-0"]
[WhiteTitle "k"]
[BlackTitle "k"]
[WhiteElo "2263"]
[BlackElo "2237"]

1. d4 d5 2. c4 c6 3. Nc3 Nf6 4. Nf3 Bf5 5. cxd5 Nxd5 6. Nd2 Bg6 7. e4 Nf6 8. Qb3
Qb6 9. f3 Nbd7 10. Nc4 Qc7 11. Be3 e6 12. Be2 Be7 13. O-O O-O 14. Rac1 b5 15.
Nd2 a6 16. e5 Ne8 17. Nce4 Rc8 18. f4 Qb7 19. Bf3 Nc7 20. Nd6 Bxd6 21. Bxc6 Qb8
22. Bxd7 Be7 23. Bxc8 Rxc8 24. Qc3 b4 25. Qc4 Qb7 26. Qc6 Qb8 27. Ne4 Bxe4 28.
Qxe4 Nd5 29. Rxc8+ Qxc8 30. f5 Qc4 31. fxe6 fxe6 32. Qf3 h6 33. Qg3 Qd3 34. Bf2
Qe2 35. Re1 Qxb2 36. Qg4 Nc7 37. d5 b3 38. axb3 h5 39. Qxh5 Nxd5 40. Qe8+ Kh7
41. Qh5+ Kg8 42. Qg4 Kf7 43. Qf3+ Ke8 44. Qd3 Bb4 45. Qg6+ Kd7 46. Qxg7+ Kc6 47.
Rf1 Qxb3 48. Qf7 Nc3 49. Qe8+ Kc7 50. Ba7 Ne2+ 51. Kh1 Nf4 52. Qf7+ 1-0

[Event "DRUZYNOWE MISTRZOSTWA POLSKI - II LIGA 2018"]
[Site "Jastrzebia Gora"]
[Date "1899-12-30"]
[Round "1.9"]
[White "Nowak, Kamil"]
[Black "Pazdziora, Michal"]
[Result "1/2-1/2"]
[WhiteTitle "m"]
[BlackTitle "k"]
[WhiteElo "2288"]
[BlackElo "2211"]

1. e4 d5 2. exd5 Qxd5 3. Nc3 Qd8 4. d4 Nf6 5. Nf3 Bg4 6. h3 Bxf3 7. Qxf3 c6 8.
Be3 e6 9. O-O-O Bb4 10. Ne4 Nxe4 11. Qxe4 Qd5 12. Qxd5 exd5 13. Bf4 Kd7 14. Bd3
Bd6 15. Bf5+ Kc7 16. Bxd6+ Kxd6 17. Rhe1 Nd7 18. Bxd7 Kxd7 19. Re3 Rae8 20. Rde1
Rxe3 21. Rxe3 Re8 22. Rxe8 Kxe8 23. Kd2 Kd7 24. c3 Ke6 25. Ke3 Kf5 26. Kf3 h6
27. g4+ Ke6 28. Ke3 f5 29. f3 Kf6 30. Kf4 g5+ 31. Ke3 fxg4 32. fxg4 Ke6 33. Ke4
Ke5+ 1/2-1/2

[Event "DRUZYNOWE MISTRZOSTWA POLSKI - II LIGA 2018"]
[Site "Jastrzebia Gora"]
[Date "1899-12-30"]
[Round "1.10"]
[White "Drozniak, Stanislaw"]
[Black "Maciol, Ryszard"]
[Result "1/2-1/2"]
[WhiteTitle "I++"]
[BlackTitle "k"]
[WhiteElo "2043"]
[BlackElo "2171"]

1. e4 e6 2. d4 d5 3. Nc3 dxe4 4. Nxe4 Bd7 5. Nf3 Bc6 6. Bd3 Nd7 7. O-O Ngf6 8.
Bg5 Be7 9. Ned2 Nd5 10. Bxe7 Qxe7 11. c3 O-O 12. Re1 Nf4 13. Be4 Bxe4 14. Nxe4
Nf6 15. Qd2 N4d5 16. Nc5 b6 17. Nd3 Qd6 18. Nfe5 Ne7 19. Rad1 Rad8 20. Qe2 a5
21. f3 Ng6 22. Qf2 Qd5 23. a3 Qb3 24. Rd2 Rd6 25. g3 Rfd8 26. Rde2 Nd7 27. Qe3
Ndxe5 28. Nxe5 Nxe5 29. Qxe5 R8d7 30. Qe4 Qd5 31. Qxd5 Rxd5 32. Re5 g6 33. Rxd5
Rxd5 34. Re5 Rd6 35. Kf2 h5 36. Ke2 f6 37. Re4 Kf7 38. a4 Rd5 39. h3 c6 40. b3
Ke7 1/2-1/2

[Event "DRUZYNOWE MISTRZOSTWA POLSKI - II LIGA 2018"]
[Site "Jastrzebia Gora"]
[Date "1899-12-30"]
[Round "1.11"]
[White "Kolasinski, Krzysztof"]
[Black "Galuszka, Tomasz"]
[Result "1/2-1/2"]
[WhiteTitle "I++"]
[BlackTitle "I++"]
[WhiteElo "2118"]
[BlackElo "2090"]

1. d4 d5 2. c4 c6 3. cxd5 cxd5 4. Nc3 Nf6 5. Bf4 Nc6 6. e3 a6 7. Bd3 e6 8. Nf3
Bd6 9. Bxd6 Qxd6 10. O-O O-O 11. a3 h6 12. Rc1 e5 13. dxe5 Nxe5 14. Nxe5 Qxe5
15. h3 Rd8 16. Na4 b5 17. Nb6 Rb8 18. Nxc8 Rbxc8 19. Rxc8 Rxc8 20. Qd2 Rc6 21.
Rd1 Ne4 22. Qe2 g5 23. Bb1 Kg7 24. Ba2 Nf6 25. Bb3 Rc5 26. Qd2 Qc7 27. Qd4 Rc1
28. g3 Rxd1+ 29. Qxd1 a5 30. Qd4 Qc8 31. Bxd5 Qxh3 32. Bc6 Qf5 33. Kg2 g4 34.
b4 axb4 35. axb4 h5 36. Qf4 Qxf4 37. gxf4 Kf8 38. e4 h4 39. e5 Nh5 40. Bxb5 Nxf4+
41. Kh2 Nd5 42. Be2 1/2-1/2

[Event "DRUZYNOWE MISTRZOSTWA POLSKI - II LIGA 2018"]
[Site "Jastrzebia Gora"]
[Date "1899-12-30"]
[Round "1.12"]
[White "Buchta, Agnieszka"]
[Black "Dmochowska, Agnieszka"]
[Result "0-1"]
[WhiteTitle "I++"]
[BlackTitle "WCM"]
[WhiteElo "1852"]
[BlackElo "2125"]

1. e4 e6 2. d4 d5 3. e5 c5 4. c3 Nc6 5. Nf3 Bd7 6. a3 f6 7. exf6 Nxf6 8. Bd3 Qc7
9. O-O Bd6 10. Re1 O-O 11. Qe2 c4 12. Bc2 e5 13. dxe5 Nxe5 14. Nxe5 Bxe5 15. h3
Rae8 16. Qd1 Qb6 17. Nd2 Ng4 18. Rf1 Nxf2 19. Rxf2 Qxf2+ 20. Kh1 Bxh3 0-1

[Event "DRUZYNOWE MISTRZOSTWA POLSKI - II LIGA 2018"]
[Site "Jastrzebia Gora"]
[Date "1899-12-30"]
[Round "1.13"]
[White "Banasik, Krzysztof"]
[Black "Golubka, Petro"]
[Result "1/2-1/2"]
[WhiteTitle "k"]
[BlackTitle "IM"]
[WhiteElo "2231"]
[BlackElo "2457"]

1. e4 c5 2. Nf3 e6 3. d4 cxd4 4. Nxd4 a6 5. Be2 Nf6 6. Bf3 Nc6 7. Nxc6 bxc6 8.
O-O Qc7 9. Re1 Bd6 10. g3 a5 11. Nd2 Ba6 12. Be2 Bxe2 13. Qxe2 Be7 14. e5 Nd5
15. c4 Nb6 16. b3 f5 17. exf6 Bxf6 18. Rb1 O-O 19. Ne4 Bd4 20. Be3 Bxe3 21. Qxe3
a4 22. Rbd1 axb3 23. axb3 Ra2 24. Rd2 Ra3 25. Nd6 Nc8 26. Ne4 Nb6 27. Nd6 Nc8
28. Ne4 Nb6 1/2-1/2

[Event "DRUZYNOWE MISTRZOSTWA POLSKI - II LIGA 2018"]
[Site "Jastrzebia Gora"]
[Date "1899-12-30"]
[Round "1.14"]
[White "Barski, Radoslaw"]
[Black "Kowalczyk, Rafal"]
[Result "1-0"]
[WhiteTitle "IM"]
[BlackTitle "k+"]
[WhiteElo "2447"]
[BlackElo "2242"]

1. e4 e5 2. Nf3 Nc6 3. Bb5 a6 4. Ba4 Nf6 5. O-O Nxe4 6. d4 exd4 7. Re1 d5 8. Nxd4
Bd6 9. Nxc6 Bxh2+ 10. Kh1 Qh4 11. Rxe4+ dxe4 12. Qd8+ Qxd8 13. Nxd8+ Kxd8 14.
Kxh2 Be6 15. Be3 f5 16. Nd2 b5 17. Bb3 Kd7 18. Rd1 Ke7 19. f3 Bxb3 20. axb3 exf3
21. Nxf3 h6 22. Bc5+ Ke6 23. Re1+ Kf6 24. Bd4+ Kg6 25. Re6+ Kh7 26. Rc6 Rhg8 27.
b4 Rad8 28. c3 Rd7 29. Ne5 Re7 30. Nd3 g5 31. Rf6 f4 32. Ne5 h5 33. Nf7 Rg7 34.
Rh6+ Kg8 35. Nd8 Re2 36. Ne6 Rh7 37. Rg6+ Kf7 38. Rf6+ Ke7 39. Nxg5 Rg7 40. Rxf4
Rg6 41. Kh3 Kd7 42. Rf5 Rxb2 43. g3 Rb1 44. Nf3 Rh6 45. Rf7+ Kc6 46. Be5 Rd1 47.
Rxc7+ Kb6 48. Rf7 Kc6 49. Bf4 1-0

[Event "DRUZYNOWE MISTRZOSTWA POLSKI - II LIGA 2018"]
[Site "Jastrzebia Gora"]
[Date "1899-12-30"]
[Round "1.15"]
[White "Tustanowski, Robert"]
[Black "Kyc, Jerzy"]
[Result "0-1"]
[WhiteTitle "m"]
[BlackTitle "k"]
[WhiteElo "2238"]
[BlackElo "2313"]

1. e4 c5 2. b3 e5 3. Bb2 Nc6 4. Bc4 d6 5. Nc3 Nf6 6. d3 Be7 7. Nge2 O-O 8. O-O
Be6 9. f4 Nd4 10. h3 a6 11. a4 Rb8 12. f5 Bd7 13. Nd5 b5 14. axb5 axb5 15. Nxf6+
Bxf6 16. Bd5 Qb6 17. Bc1 Bc6 18. Bxc6 Nxc6 19. Be3 Ra8 20. Rxa8 Rxa8 21. Ng3 Ra2
22. Nh5 Qd8 23. Qg4 Kf8 24. h4 h6 25. Rf3 Rxc2 26. Rg3 Nd4 27. Bxd4 exd4 28. Nxg7
Ke7 29. Nh5 Rc1+ 30. Kh2 Kd7 31. Qf4 Rb1 32. Qxh6 Be5 33. Nf4 Rxb3 34. Kh3 Rb1
35. Rf3 Qg8 36. Ng6 Rh1+ 37. Kg4 Rg1 38. g3 c4 39. Kh3 fxg6 40. fxg6 c3 41. Kh2
Rd1 42. Rf8 Qa2+ 43. Kh3 Rh1+ 44. Kg4 Qe2+ 0-1

[Event "DRUZYNOWE MISTRZOSTWA POLSKI - II LIGA 2018"]
[Site "Jastrzebia Gora"]
[Date "1899-12-30"]
[Round "1.16"]
[White "Marszalek, Maciej"]
[Black "Siekaniec, Jan"]
[Result "1-0"]
[WhiteTitle "m"]
[BlackTitle "k"]
[WhiteElo "2272"]
[BlackElo "2071"]

1. d4 Nf6 2. Nf3 g6 3. g3 Bg7 4. Bg2 O-O 5. O-O d6 6. b3 Nbd7 7. Bb2 c6 8. Nbd2
Re8 9. e4 Nh5 10. Re1 Nf8 11. h3 Bd7 12. e5 dxe5 13. Nxe5 Be6 14. Ndf3 h6 15.
c4 Qc8 16. Kh2 Nf6 17. Qe2 N6d7 18. Rad1 Nxe5 19. Nxe5 Qc7 20. d5 cxd5 21. cxd5
Bf5 22. Rc1 Qd6 23. Nc4 Qa6 24. Bxg7 Kxg7 25. Qb2+ Qf6 26. Qxf6+ Kxf6 27. Na5
b6 28. Nc6 Bd7 29. Nxe7 Rad8 30. d6 Ne6 31. Rc3 Nc5 32. b4 Ne6 33. Bd5 Kg7 34.
Nc6 Bxc6 35. Bxc6 Rf8 36. d7 Kf6 37. b5 Nc5 38. Rf3+ Kg7 39. Re7 g5 40. Kg2 Kg6
41. Re8 Kg7 42. Rfe3 1-0

[Event "DRUZYNOWE MISTRZOSTWA POLSKI - II LIGA 2018"]
[Site "Jastrzebia Gora"]
[Date "1899-12-30"]
[Round "1.17"]
[White "Tustanowski, Mateusz"]
[Black "Popiol, Michal"]
[Result "1/2-1/2"]
[WhiteTitle "I++"]
[BlackTitle "k+"]
[WhiteElo "2064"]
[BlackElo "2182"]

1. e4 c5 2. b3 e5 3. Bb2 d6 4. Bc4 Nf6 5. Nc3 Be7 6. Nge2 O-O 7. O-O Nc6 8. d3
Be6 9. f4 Nd4 10. h3 a6 11. a4 Rb8 12. f5 Bd7 13. Nd5 b5 14. axb5 axb5 15. Nxf6+
Bxf6 16. Bd5 Qb6 17. Bc1 Bc6 18. Bxc6 Nxc6 19. Be3 Ra8 20. Rxa8 Rxa8 21. Ng3 Ra2
22. Nh5 Kf8 23. Qg4 Qd8 24. h4 Nb8 25. Nxf6 gxf6 26. h5 Nd7 27. Bh6+ Ke7 28. Qg7
Ra8 29. Rf3 Qg8 30. Rg3 Qxg7 31. Rxg7 Rh8 32. Kf2 Nb8 33. Bd2 Nc6 34. c3 Na5 35.
b4 Nb3 36. Be3 cxb4 37. cxb4 Na1 38. h6 Nc2 39. Bd2 Nd4 40. g4 Kf8 41. g5 fxg5
42. Bxg5 Nc6 43. Bf6 Ke8 44. Ke3 Nxb4 45. Rg2 Rf8 46. Bg7 Rg8 47. Rb2 Nc6 48.
Rxb5 Nd8 49. d4 exd4+ 50. Kxd4 Kd7 51. Kd5 Kc7 52. Bc3 Nb7 53. Ba5+ Kc8 54. Kc6
Rg1 55. Rxb7 Rc1+ 56. Kxd6 Kxb7 57. Ke7 Rc4 58. Kxf7 Rxe4 59. Bc3 Kc6 60. Bg7
Kd7 61. Bc3 Re7+ 62. Kg8 Ke8 63. f6 Rf7 64. Bd4 Rb7 65. Bc5 Rf7 66. Be7 Rxe7 67.
fxe7 1/2-1/2

[Event "DRUZYNOWE MISTRZOSTWA POLSKI - II LIGA 2018"]
[Site "Jastrzebia Gora"]
[Date "1899-12-30"]
[Round "1.18"]
[White "Dziodzio, Angelika"]
[Black "Kopica, Paulina"]
[Result "1-0"]
[WhiteTitle "WFM"]
[BlackTitle "k"]
[WhiteElo "2149"]
[BlackElo "1940"]

1. c4 e6 2. Nf3 f5 3. Nc3 Nf6 4. g3 b6 5. Bg2 Bb7 6. O-O Bb4 7. Na4 O-O 8. a3 Be7
9. b4 a5 10. Qb3 Qc8 11. Bb2 d6 12. d4 Ne4 13. d5 e5 14. c5 bxc5 15. bxc5 Ba6
16. Bxe5 Bxe2 17. cxd6 cxd6 18. Rfc1 Qa6 19. Rc7 Ra7 20. Rxa7 Qxa7 21. Bd4 Qa6
22. Nb6 Bf6 23. Bxf6 Rxf6 24. Nd4 Nc5 25. Qb2 Bh5 26. Ne6 Qd3 27. Nf4 Qb3 28.
Qxb3 Nxb3 29. Rb1 Nd2 30. Rb2 Nf3+ 31. Kh1 Bg4 32. Rb3 Nd4 33. Rc3 Rf8 34. f3
g5 35. Ne6 Nxe6 36. dxe6 Bh5 37. Bf1 Re8 38. Nd7 Kg7 39. Kg2 Bg6 40. Bb5 Kg8 41.
Nf6+ Kf8 42. Nxe8 1-0

[Event "DRUZYNOWE MISTRZOSTWA POLSKI - II LIGA 2018"]
[Site "Jastrzebia Gora"]
[Date "1899-12-30"]
[Round "1.19"]
[White "Janaszak, Dawid"]
[Black "Kumala, Aleksander"]
[Result "1/2-1/2"]
[WhiteTitle "FM"]
[BlackTitle "k"]
[WhiteElo "2362"]
[BlackElo "2197"]

1. c4 f5 2. g3 Nf6 3. Bg2 g6 4. Nc3 Bg7 5. d3 d6 6. e4 fxe4 7. dxe4 O-O 8. Nge2
c5 9. O-O Nc6 10. h3 a6 11. a3 Rb8 12. Rb1 b5 13. cxb5 axb5 14. b4 cxb4 15. axb4
Bd7 16. f4 Kh8 17. Be3 Ne8 18. Qd3 Nc7 19. Nd5 Qc8 20. Rfc1 Qb7 21. Nd4 Nxd5 22.
exd5 Nxd4 23. Bxd4 Bf5 24. Bxg7+ Kxg7 25. Qd4+ Kg8 26. Ra1 Ra8 27. g4 Bd7 28.
Kh2 Rxa1 29. Rxa1 Ra8 30. Re1 Be8 31. f5 Bf7 32. Re2 Qa7 33. Qc3 Qa1 34. Qxa1
Rxa1 35. Rxe7 gxf5 36. gxf5 Ra2 37. Kg3 Rd2 38. f6 Bxd5 39. Rg7+ Kf8 40. Bxd5
Rxd5 41. Rxh7 Rd4 42. Rh4 Rd3+ 43. Kg2 Kf7 44. Rf4 Rb3 45. h4 Rd3 46. h5 Rd5 47.
Rh4 Rf5 48. h6 Kg8 49. h7+ Kh8 50. Rh6 d5 51. Kg3 d4 52. Kg4 Rf2 53. Kg5 d3 54.
Kg6 d2 55. Rh1 Rg2+ 56. Kf5 Rf2+ 57. Kg6 Rg2+ 58. Kf5 Rf2+ 59. Kg6 1/2-1/2

[Event "DRUZYNOWE MISTRZOSTWA POLSKI - II LIGA 2018"]
[Site "Jastrzebia Gora"]
[Date "1899-12-30"]
[Round "1.20"]
[White "Kasperek, Ryszard"]
[Black "Dudzinski, Piotr"]
[Result "0-1"]
[WhiteTitle "m"]
[BlackTitle "FM"]
[WhiteElo "2172"]
[BlackElo "2304"]

1. e4 e6 2. d4 d5 3. Nc3 dxe4 4. Nxe4 Bd7 5. Nf3 Bc6 6. Bd3 Nd7 7. O-O Ngf6 8.
Qe2 Be7 9. Ng3 Bxf3 10. Qxf3 c6 11. a4 O-O 12. c3 a5 13. Re1 Re8 14. Re2 Bf8 15.
Bf4 Nd5 16. Ne4 Nxf4 17. Qxf4 h6 18. Nd6 Bxd6 19. Qxd6 Nf6 20. Qf4 Qb6 21. h4
c5 22. dxc5 Qxc5 23. Rae1 Red8 24. Bc2 Rd5 25. Re5 Qd6 26. Bb3 Rd2 27. Qf3 Rxb2
28. Rb5 Rb8 29. Rd1 Rd2 30. Rxd2 Qxd2 31. Rxa5 Rc8 32. g3 Rxc3 33. Qxb7 Rc1+ 34.
Kg2 Qxa5 0-1

[Event "DRUZYNOWE MISTRZOSTWA POLSKI - II LIGA 2018"]
[Site "Jastrzebia Gora"]
[Date "1899-12-30"]
[Round "1.21"]
[White "Zareba, Radoslaw"]
[Black "Cajbel, Maciej"]
[Result "1/2-1/2"]
[WhiteTitle "I+"]
[BlackTitle "k"]
[WhiteElo "2110"]
[BlackElo "2187"]

1. e4 c5 2. Nf3 g6 3. d4 Bg7 4. Nc3 cxd4 5. Nxd4 Nc6 6. Be3 Nf6 7. Bc4 Qa5 8. O-O
O-O 9. Bb3 d6 10. h3 Bd7 11. f4 Nxd4 12. Bxd4 Bc6 13. e5 Ne8 14. e6 Bxd4+ 15.
Qxd4 f5 16. Nd5 Bxd5 17. Bxd5 Qc5 18. Rfd1 Rb8 19. b4 Qxd4+ 20. Rxd4 Nf6 21. Bf3
Rfc8 22. c4 Rc7 23. a4 Rbc8 24. Rc1 b6 25. b5 Rc5 26. Bc6 a5 27. Re1 Kg7 28. Kf2
h5 29. Ke3 h4 30. Kd3 Rd8 31. Re3 Rc8 32. Bb7 Rb8 33. Bc6 Rc8 34. Re1 Rd8 35.
Rd1 Rc8 36. Re1 Rd8 37. Rd1 Ra8 1/2-1/2

[Event "DRUZYNOWE MISTRZOSTWA POLSKI - II LIGA 2018"]
[Site "Jastrzebia Gora"]
[Date "1899-12-30"]
[Round "1.22"]
[White "Puczylowski, Marcin"]
[Black "Piekielny, Pawel"]
[Result "1-0"]
[WhiteTitle "k"]
[BlackTitle "I"]
[WhiteElo "2110"]
[BlackElo "1974"]

1. e4 e6 2. d4 d5 3. Bd3 c5 4. exd5 exd5 5. Nf3 Bd6 6. dxc5 Bxc5 7. O-O Ne7 8.
Nbd2 Nbc6 9. Nb3 Bd6 10. h3 O-O 11. Nbd4 Nxd4 12. Nxd4 Nc6 13. Nf5 Bxf5 14. Bxf5
Qf6 15. Bd3 d4 16. b3 Bb4 17. Qh5 g6 18. Bg5 Qd6 19. Qh4 Rfe8 20. f4 Bd2 21. f5
Bxg5 22. Qxg5 Qe7 23. Qg4 Qe3+ 24. Kh1 Ne5 25. Qh4 g5 26. Qh6 g4 27. Rf4 f6 28.
Bc4+ Nf7 29. Rxg4+ 1-0

[Event "DRUZYNOWE MISTRZOSTWA POLSKI - II LIGA 2018"]
[Site "Jastrzebia Gora"]
[Date "1899-12-30"]
[Round "1.23"]
[White "Chmielarz, Maciej"]
[Black "Zurkowski, Andrzej"]
[Result "1-0"]
[WhiteTitle "I+"]
[BlackTitle "k+"]
[WhiteElo "1946"]
[BlackElo "2048"]

1. d4 Nf6 2. c4 e6 3. Nc3 Bb4 4. a3 Bxc3+ 5. bxc3 b6 6. e3 Bb7 7. f3 d6 8. e4 Nbd7
9. Bg5 h6 10. Bh4 Qe7 11. Qa4 O-O 12. Bd3 g5 13. Bf2 Nh5 14. Ne2 f5 15. Qc2 Rae8
16. h4 Ng7 17. hxg5 hxg5 18. Ng3 Qf7 19. O-O-O Qg6 20. exf5 exf5 21. Rh2 g4 22.
Rdh1 gxf3 23. gxf3 Bxf3 24. Nxf5 Rxf5 25. Rh8+ Kf7 26. Rg1 Qxg1+ 27. Bxg1 Rxh8
28. Bxf5 Rh1 29. Bg6+ Kf6 30. Qf2 Kxg6 31. Qg3+ Kh7 32. Qxf3 Rxg1+ 33. Kc2 Kg8
34. Qc6 Nf6 35. Qxc7 Nge8 36. Qxa7 d5 37. Qxb6 Rg2+ 38. Kb3 dxc4+ 39. Kxc4 Rc2
40. Qe6+ Kf8 41. Kb3 Rc1 42. Kb2 Rf1 43. a4 Ng7 44. Qc8+ Ke7 45. Qc5+ Kd8 46.
Qb6+ Ke7 47. Qb7+ Nd7 48. Qg2 Rf7 49. Qg5+ Kd6 50. Qg6+ Ke7 51. Qe4+ Kd6 52. a5
Rf5 53. a6 Nb6 54. Qb7 Nc4+ 55. Kc1 Rf1+ 56. Kc2 Rf2+ 57. Kd3 Nb2+ 58. Ke4 Ne6
59. Qb8+ Kd7 60. Qb5+ Kd6 61. a7 Rf4+ 62. Ke3 Nd1+ 63. Kd2 1-0

[Event "DRUZYNOWE MISTRZOSTWA POLSKI - II LIGA 2018"]
[Site "Jastrzebia Gora"]
[Date "1899-12-30"]
[Round "1.24"]
[White "Kasperek, Joanna"]
[Black "Czerwinska, Milena"]
[Result "1-0"]
[WhiteTitle "k++"]
[BlackTitle "WFM"]
[WhiteElo "2051"]
[BlackElo "2028"]

1. e4 d6 2. d4 Nf6 3. Nc3 g6 4. f4 Bg7 5. Nf3 O-O 6. Bd3 b6 7. Qe2 Bb7 8. O-O c5
9. d5 Nbd7 10. Bc4 a6 11. a4 Qc7 12. Bd2 Kh8 13. Rae1 h6 14. e5 Ng8 15. e6 fxe6
16. Nh4 Rf6 17. dxe6 Nf8 18. Nd5 Bxd5 19. Bxd5 Rd8 20. Bc3 Kh7 21. Qxa6 h5 22.
Qe2 Nh6 23. f5 Rxf5 24. Nxf5 gxf5 25. Bxg7 Kxg7 26. Qxh5 Ng6 27. c4 Qa7 28. Re3
Qxa4 29. Rg3 Ng4 30. Qxf5 Rf8 31. Qxg4 Rxf1+ 32. Kxf1 Qa1+ 33. Kf2 Qxb2+ 34. Qe2
Qd4+ 35. Kf1 Qf4+ 36. Kg1 Qd4+ 37. Qf2 Qd1+ 38. Qf1 1-0

[Event "DRUZYNOWE MISTRZOSTWA POLSKI - II LIGA 2018"]
[Site "Jastrzebia Gora"]
[Date "1899-12-30"]
[Round "1.25"]
[White "Teclaf, Pawel"]
[Black "Grela, Kacper"]
[Result "1/2-1/2"]
[WhiteTitle "CM"]
[BlackTitle "FM"]
[WhiteElo "2390"]
[BlackElo "2284"]

1. d4 Nf6 2. Bg5 d5 3. Bxf6 gxf6 4. c4 dxc4 5. e3 c5 6. Bxc4 cxd4 7. exd4 e6 8.
Nc3 Bg7 9. Nf3 O-O 10. O-O Nd7 11. Re1 f5 12. Rc1 a6 13. a4 b6 14. Qc2 Qf6 15.
Ne5 Nxe5 16. dxe5 Qg5 17. g3 Bb7 18. f4 Qe7 19. Bf1 Qc5+ 20. Qf2 Qb4 21. Bg2 Bxg2
22. Kxg2 Rfd8 23. Red1 Bf8 24. Qc2 Rac8 25. Rxd8 Rxd8 26. Rd1 Rxd1 27. Nxd1 Bc5
28. Nc3 Qd4 29. Kh3 Kg7 30. Qe2 a5 31. Qh5 1/2-1/2

[Event "DRUZYNOWE MISTRZOSTWA POLSKI - II LIGA 2018"]
[Site "Jastrzebia Gora"]
[Date "1899-12-30"]
[Round "1.26"]
[White "Komendecki, Jacek"]
[Black "Kempinski, Tomasz"]
[Result "0-1"]
[WhiteTitle "k"]
[BlackTitle "FM"]
[WhiteElo "2116"]
[BlackElo "2152"]

1. e4 c5 2. Nf3 d6 3. d4 cxd4 4. Nxd4 Nf6 5. Nc3 a6 6. a4 Nc6 7. Nde2 e5 8. g3
Bg4 9. Bg2 Nd4 10. Qd3 Nxe2 11. Nxe2 Rc8 12. b3 d5 13. exd5 Bb4+ 14. Bd2 e4 15.
Qd4 Bc5 16. Qe5+ Kd7 17. c4 Qb6 18. Rb1 Rhe8 19. Qf4 e3 20. fxe3 Bxe3 21. Bxe3
Rxe3 22. Rb2 Rce8 23. Bf1 Qb4+ 24. Kf2 Rf3+ 25. Qxf3 Bxf3 26. Kxf3 Qe7 27. Bh3+
Kd8 28. Rf1 Qe5 29. Ra2 Qh5+ 0-1